Podpora podnikania v malých a stredných podnikoch na Slovensku bakalárska práca

Gespeichert in:
Bibliographische Detailangaben
1. Verfasser: Foltánová, Martina
Körperschaft: Fakulta podnikového manažmentu EU. Katedra podnikových financií
Weitere Verfasser: Kakula, Tomáš
Format: Buch
Sprache:Slowakisch
Veröffentlicht: Bratislava 2011
Tags: Tag hinzufügen
Keine Tags, Fügen Sie das erste Tag hinzu!

MARC

LEADER 00000nbm a2200000 4500
001 0131376
005 20161109111420.9
041 0 |a slo 
044 |a SK 
245 1 0 |a Podpora podnikania v malých a stredných podnikoch na Slovensku  |b bakalárska práca  |c Martina Foltánová ; školiteľ: Tomáš Kakula 
264 1 |a Bratislava  |c 2011 
300 |a 58 s. 
100 1 |a Foltánová, Martina 
700 1 |a Kakula, Tomáš 
710 2 |a Fakulta podnikového manažmentu EU. Katedra podnikových financií